Nachbarstaaten der Ukraine - Statistiken

Allgemein
  • Dieses Quiz wurde 33 mal gespielt
  • Das Durchschnittsergebnis liegt bei 6 aus 7
Antwortstatistiken
Nachbarstaaten % Korrekt
Russland
100%
Polen
97%
Belarus
94%
Rumänien
91%
Ungarn
84%
Moldau
81%
Slowakei
81%
Keine übereinstimmenden Quizze gefunden
Verteilung der Resultate
Anzahl Personen mit jedem Resultat
Perzentil nach korrekt beantworteten Fragen
Ihre Resultats-Entwicklung
Sie haben dieses Quiz noch nicht gespielt